[Event "ch-IRI Semi-Final"]
[Site "Tehran IRI"]
[Date "2005.08.06"]
[Round "4"]
[White "Doostkam,P"]
[Black "Vahidi,M"]
[Result "1-0"]
[WhiteElo "2250"]
[BlackElo "2222"]

1.c4 c6 2.Nf3 d5 3.e3 Nf6 4.Nc3 Nbd7 5.d4 e6 6.Bd3 Bd6 7.e4 dxe4 8.Nxe4 Nxe4
9.Bxe4 O-O 10.O-O e5 11.dxe5 Nxe5 12.Nxe5 Bxe5 13.Bxh7+ Kxh7 14.Qh5+ Kg8
15.Qxe5 Re8 16.Qc3 Bf5 17.Be3 Qd3 18.Qb4 b6 19.Rad1 Qe4 20.Rd4 Qe5 21.Qd6 c5
22.Qxe5 Rxe5 23.Rd6 Rae8 24.Rfd1 Bc2 25.Rc1 Bf5 26.a3 R5e6 27.Rd7 Re4 28.h3 Be6
29.b3 f6 30.Rd6 Kf7 31.a4 Rb8 32.Rc3 Ke7 33.Rcd3 Bf5 34.Rd2 Rb7 35.g4 Bd7
36.a5 Re6 37.a6 Rc7 38.R6d3 Bc6 39.f3 Rd7 40.Kf2 Rxd3 41.Rxd3 Bd7 42.Bf4 Bc8
43.Bb8 Bxa6 44.Bxa7 Rc6 45.f4 b5 46.cxb5 Bxb5 47.Rd5 Ke6 48.Rxc5 Rxc5 49.Bxc5 f5
50.Kg3 g6 51.Kf2 Bd7 52.b4 Kd5 53.Kf3 Kc4 54.Kg3 Kd5 55.Kh4 Ke4 56.Kg5 fxg4
57.hxg4 Be8 58.Bd6 Kd5 59.Be7 Ke4 60.f5 gxf5 61.gxf5 Ke5 62.Bf6+ Kd6 63.Bc3 Ke7
64.Kf4 Kd6 65.Ke4 Bc6+ 66.Kd4 Bd7 67.f6 Bb5 68.Be1 Ba6 69.Bh4  1-0

[Event "ch-IRI Semi-Final"]
[Site "Tehran IRI"]
[Date "2005.08.06"]
[Round "4"]
[White "Mahmoody,M"]
[Black "Ardeshi,M"]
[Result "1/2-1/2"]
[WhiteElo "2228"]
[BlackElo "2265"]

1.c4 c6 2.Nf3 d5 3.cxd5 cxd5 4.d4 Nc6 5.Nc3 e6 6.Bf4 Bd6 7.Bxd6 Qxd6 8.e3 Nf6
9.Bd3 O-O 10.O-O e5 11.dxe5 Nxe5 12.Nxe5 Qxe5 13.Be2 Bf5 14.Qb3 b6 15.Rad1 Rad8
16.Rd4 Rd7 17.Rfd1 Rfd8 18.Qb5 h6 19.Bf3 Be6 20.h3 Qg5 21.Kf1 Qg6 22.Qd3 Bf5
23.Qa6 Be6 24.Qa4 Bf5 25.R4d2 Be6 26.Nb5 Rc8 27.Nc3 Rc4 28.Qa6 Rc5 29.Qe2 Qg5
30.Rd4 Qg6 31.Qd2 Rdc7 32.Rf4 Rd7 33.Qd3 Ne4 34.Nb5 Nxf2 35.Qxg6 fxg6 36.Kxf2 Rxb5
37.b4 d4 38.Rfxd4 Rxd4 39.Rxd4 Bxa2 40.Be4 Kf7 41.Bd3 Re5 42.Rd7+ Re7 43.Bxg6+ Kf6
44.Rd2 Bc4 45.Bc2 Ke5 46.Rd4 Rf7+ 47.Kg3 b5 48.Re4+ Kd5 49.Rd4+ Ke5 50.Rd8 Re7
51.h4 a5 52.bxa5 Ra7 53.h5 Rxa5 54.Rd7 Kf6 55.Rd6+ Ke7 56.Rb6 Ra2 57.Be4 Rb2
58.Kf4 b4 59.Ke5 Bf7 60.Rb7+ Kf8 61.g4 b3 62.Bd5 Bxd5 63.Kxd5 Rg2 64.Ke6 Kg8
65.Rb8+ Kh7 66.Kf5 Rf2+ 67.Ke5 b2 68.e4 g5 69.Kd5 Kg7 70.e5 Kf7 71.Rb7+ Ke8
72.Kd6 Kf8 73.e6 Re2 74.Rb8+ Kg7 75.Ke7 Rc2 76.Kd7 Rd2+ 77.Ke8 Rc2 78.Rb3 Re2
79.e7 Rd2 80.Rb7 Kg8 81.Rb6 Kg7 82.Rg6+ Kh7 83.Kf7 Rf2+ 84.Rf6 b1=Q 85.e8=Q Qb3+
86.Qe6 Qxe6+ 87.Kxe6 Rf4 88.Rf7+ Kg8 89.Rb7 Kh8 90.Rb8+ Kg7 91.Rb7+  1/2-1/2

[Event "American Continental"]
[Site "Buenos Aires ARG"]
[Date "2005.08.07"]
[Round "2"]
[White "Gulko,B"]
[Black "Disconzi da Silva,R"]
[Result "1/2-1/2"]
[WhiteElo "2589"]
[BlackElo "2367"]

1.c4 c6 2.e4 d5 3.exd5 cxd5 4.d4 Nf6 5.Nc3 e6 6.Nf3 Bb4 7.cxd5 exd5 8.Bd3 O-O
9.Ne5 Nc6 10.O-O Nxd4 11.Bxh7+ Nxh7 12.Qxd4 Bxc3 13.bxc3 Be6 14.Be3 Qa5 15.Rfb1 b6
16.Nc6 Qa3 17.Qe5 Rfe8 18.Bd4 Qf8 19.Re1 f6 20.Qg3 Qf7 21.h4 Qd7 22.Nb4 Bf5
23.Nd3 Bxd3 24.Qxd3 Rxe1+ 25.Rxe1 Re8 26.Rxe8+ Qxe8 27.Qf5 Qf7 28.g4 Nf8
29.h5 Qe6 30.Qxe6+ Nxe6 31.Be3 Kf7 32.f4 a6 33.Kf2 b5 34.Ke2 Nd8 35.Bc5 Ke6
36.Kd3 Nc6 37.Ke3 Kf7 38.g5 g6 39.h6 f5  1/2-1/2

[Event "American Continental"]
[Site "Buenos Aires ARG"]
[Date "2005.08.07"]
[Round "2"]
[White "Kovalyov,A"]
[Black "Milman,L"]
[Result "1/2-1/2"]
[WhiteElo "2234"]
[BlackElo "2459"]

1.c4 c6 2.Nf3 d5 3.d4 Nf6 4.e3 Bf5 5.cxd5 cxd5 6.Nc3 e6 7.Ne5 Nfd7 8.Qb3 Nc6
9.Qxb7 Ncxe5 10.dxe5 Rb8 11.Qc6 Bb4 12.Bb5 O-O 13.Qxd7 Bxc3+ 14.bxc3 Qa5
15.Bd2 Qxb5 16.Qxb5 Rxb5 17.Bc1 Rc8 18.Kd2 Rc4 19.Re1 Ra4 20.g3  1/2-1/2

[Event "15th ETC Women"]
[Site "Gothenburg SWE"]
[Date "2005.08.07"]
[Round "9"]
[White "Topel,Z"]
[Black "Horvath,Maria AUT"]
[Result "1/2-1/2"]
[WhiteElo "2081"]
[BlackElo "2039"]

1.c4 c6 2.Nc3 d5 3.d4 Nf6 4.Nf3 e6 5.Bg5 h6 6.Bh4 Be7 7.e3 Nbd7 8.Qc2 a6
9.Bd3 b5 10.cxd5 cxd5 11.Bg3 Bb7 12.Ne5 O-O 13.O-O b4 14.Na4 Rc8 15.Qe2 Qa5
16.b3 Nxe5 17.Bxe5 Rc6 18.f4 Ne4 19.f5 exf5 20.Rxf5 f6 21.Bg3 Nxg3 22.hxg3 Qc7
23.g4 Rc8 24.Raf1 Qg3 25.Qf3 Bd6 26.Qxg3 Bxg3 27.Nc5 R8c7 28.e4 Rxc5 29.dxc5 dxe4
30.Bc4+ Kf8 31.Rd1 Ke7 32.Rd4 Be5 33.Rd2 Bc3 34.Rd1 Bc8 35.Rf4 Bb7 36.Kf1 Rxc5
37.Rf5 Be5 38.Rf2 Bc3 39.Rf5 Be5 40.Rf2  1/2-1/2

[Event "American Continental"]
[Site "Buenos Aires ARG"]
[Date "2005.08.10"]
[Round "5"]
[White "Negri,Sa"]
[Black "Lida Garcia,F"]
[Result "0-1"]
[WhiteElo "2104"]
[BlackElo "2066"]

1.c4 c6 2.d4 f5 3.e4 fxe4 4.Nc3 Qa5 5.f3 Nf6 6.Bd2 Qb6 7.fxe4 Qxd4 8.Nf3 Qb6
9.e5 Ng4 10.Qe2 Qxb2 11.Rb1 Qa3 12.Rb3 Qa6 13.Qe4 d6 14.exd6 Nf6 15.Qe3 Ng4
16.Qe4 Nf6 17.Qh4 exd6 18.c5 Qa5 19.Ne4 Qd8 20.Bg5 Qa5+ 21.Bd2 Qd8 22.Bg5 Qa5+
23.Kd1 Be6 24.Bc4 Bxc4 25.Nxf6+ gxf6 26.Qxc4 Nd7 27.Qe6+ Be7 28.Rxb7 O-O-O
29.Bd2 Qxc5 30.Rb3 Rde8 31.Qe2 Nb8 32.Qe6+ Kc7 33.Re1 Qd5 34.Qe3 c5 35.Qc3 Bd8
36.Qa5+ Kd7 37.Qxa7+ Bc7 38.Rxe8 Rxe8 39.Qa4+ Nc6 40.Qg4+ Qe6 41.Qg3 Re7
42.Re3 Qxa2 43.Rxe7+ Nxe7 44.Qh3+ f5  0-1

[Event "FSGM August"]
[Site "Budapest HUN"]
[Date "2005.08.11"]
[Round "6"]
[White "Lapshun,Y"]
[Black "Seres,L"]
[Result "1/2-1/2"]
[WhiteElo "2462"]
[BlackElo "2429"]

1.c4 c6 2.d4 d5 3.cxd5 cxd5 4.Nc3 Nf6 5.Nf3 Nc6 6.Bf4 a6 7.e3 Bg4 8.Be2 e6
9.Ne5 Bxe2 10.Qxe2 Rc8 11.O-O Be7 12.Rfc1 O-O  1/2-1/2

[Event "American Continental"]
[Site "Buenos Aires ARG"]
[Date "2005.08.12"]
[Round "7"]
[White "Flores,Di"]
[Black "Echavarria,J"]
[Result "1-0"]
[WhiteElo "2513"]
[BlackElo "2362"]

1.c4 c6 2.e4 d5 3.cxd5 cxd5 4.exd5 Nf6 5.Qa4+ Nbd7 6.Nc3 g6 7.g3 Bg7 8.Bg2 O-O
9.Nge2 Nc5 10.Qc4 b6 11.b4 Ba6 12.b5 Bb7 13.d4 Ne6 14.O-O Qc7 15.Qb3 Nd8
16.Bf4 Qd7 17.Be5 Rc8 18.Rac1 e6 19.Nf4 Nxd5 20.Ncxd5 exd5 21.Rxc8 Qxc8 22.Nxd5 Re8
23.Re1 Ne6 24.Bxg7 Kxg7 25.Qb2 Qd8 26.Ne3 Bxg2 27.d5+ Qf6 28.Qxf6+ Kxf6 29.Kxg2 Nc7
30.d6 Ne6 31.Nd5+ Kg7 32.Nc7 Nf4+ 33.Kf1 Rxe1+ 34.Kxe1 Nd3+ 35.Kd2 Nc5 36.Ke3 Nb7
37.Kd4 Nxd6 38.Kd5 Nb7 39.Ne8+ Kf8 40.Nd6 Nc5 41.Nc8 Nd3 42.Nxa7 Nxf2 43.Nc8 Ke8
44.Nxb6  1-0

[Event "American Continental"]
[Site "Buenos Aires ARG"]
[Date "2005.08.13"]
[Round "8"]
[White "Cuevas,A"]
[Black "Idiarte Borda,J"]
[Result "0-1"]
[WhiteElo "2017"]
[BlackElo "2157"]

1.c4 c6 2.Nf3 d5 3.b3 e6 4.Bb2 f5 5.d3 Nf6 6.Nbd2 Be7 7.Qc2 O-O 8.g3 Bd7
9.Bg2 Be8 10.Ne5 Nbd7 11.Nxd7 Nxd7 12.e4 fxe4 13.dxe4 Bg6 14.O-O e5 15.f4 exf4
16.gxf4 dxe4 17.Nxe4 Bxe4 18.Bxe4 Bc5+ 19.Kh1 Qh4 20.Bg2 Nf6 21.Bf3 Rad8
22.Qg2 Bd4 23.Bxd4 Rxd4 24.Rg1 Qh6 25.f5 Kh8 26.Rae1 Rd7 27.Re6 Qf4 28.Be4 Nxe4
29.Qxe4 Qxe4+ 30.Rxe4 Kg8 31.Rf1 Kf7 32.Rf2 Rfd8 33.Rfe2 Rd1+ 34.Kg2 R1d2
35.Kf3 Rxe2 36.Kxe2 Rd7 37.a3 Kf6 38.Rf4 Re7+ 39.Kd2 c5 40.Rf3 b6 41.h3 a5
42.Kc2 Re5 43.Rd3 Kxf5 44.Rd7 Kf6 45.Rb7 Re6 46.b4 cxb4 47.axb4 axb4 48.Kb3 h5
49.Kxb4 h4 50.Kb5 g5 51.Rxb6 Rxb6+ 52.Kxb6 g4 53.hxg4 h3 54.c5  0-1

[Event "9th Open"]
[Site "Genova ITA"]
[Date "2005.08.13"]
[Round "6"]
[White "Martinez,Ro"]
[Black "Delorme,Ax"]
[Result "1-0"]
[WhiteElo "2421"]
[BlackElo "2174"]

1.c4 c6 2.Nf3 d5 3.e3 Nf6 4.b3 Bg4 5.h3 Bh5 6.Bb2 Nbd7 7.Be2 e6 8.O-O Bd6
9.d3 O-O 10.Nbd2 Qb8 11.Rc1 a6 12.Re1 Rd8 13.Rc2 h6 14.Qa1 e5 15.c5 Nxc5
16.Nxe5 Bxe2 17.Rxe2 Re8 18.f4 Nh5 19.g4 f6 20.gxh5 fxe5 21.fxe5 Be7 22.d4 Ne4
23.Nxe4 dxe4 24.Rg2 Bg5 25.Qe1 Qd8 26.Rg4 Rf8 27.h4 Qd7 28.Rcg2 Rf3 29.hxg5 Raf8
30.gxh6 Qf5 31.Qh4 Rf1+ 32.Kh2  1-0

[Event "Caissa IM August"]
[Site "Kecskemet HUN"]
[Date "2005.08.13"]
[Round "8"]
[White "Zakharchenko,A"]
[Black "Arngrimsson,D"]
[Result "1/2-1/2"]
[WhiteElo "2258"]
[BlackElo "2294"]

1.c4 c6 2.e4 d5 3.exd5 cxd5 4.d4 Nf6 5.Nc3 Nc6 6.Nf3 Bg4 7.cxd5 Nxd5 8.Qb3 Bxf3
9.gxf3 Nb6 10.d5 Nd4 11.Bb5+ Nd7 12.Qd1 Nxb5 13.Nxb5 Qb6 14.Nc3 e6 15.O-O e5
16.Be3 Bc5 17.Na4 Qg6+ 18.Kh1 Bxe3 19.fxe3 O-O 20.Qb3 e4 21.f4 Nf6 22.Rad1 Qh5
23.Rd2 Rad8 24.Nc3 Qh3 25.Re1 Ng4 26.Rg2 f5 27.Qxb7 Rd6 28.Qb5 Rh6 29.Qe2 Qf3
30.Kg1 Rh3 31.Nd1 Rf6 32.Nf2 Qxe2 33.Rxe2 Nxf2 34.Rgxf2 Rd6 35.Kg2 Rdh6 36.Kg1 Rd6
37.Kg2 Rdh6 38.Kg1  1/2-1/2

[Event "79th Anniv CAP"]
[Site "Posadas ARG"]
[Date "2005.08.13"]
[Round "4"]
[White "Espinoza,E"]
[Black "Jimenez,Joa"]
[Result "1/2-1/2"]
[WhiteElo "2255"]
[BlackElo "2211"]

1.c4 c6 2.d4 d5 3.cxd5 cxd5 4.Nf3 Nf6 5.Nc3 Nc6 6.Bf4 a6 7.e3 e6 8.Bd3 Qb6
9.a3 Bd7 10.O-O Nh5 11.Bg3 Nxg3 12.hxg3 Bd6 13.b4 Na7 14.Rc1 Rc8 15.Qb3 O-O
16.Nd2 Rc7 17.Rc2 Rfc8 18.Rfc1 Bb5 19.Na4 Bxa4 20.Qxa4 Rxc2 21.Rxc2 Rc6 22.Rxc6 Qxc6
23.Qxc6  1/2-1/2

[Event "ch-AUT Qualifier"]
[Site "Gmunden AUT"]
[Date "2005.08.14"]
[Round "2"]
[White "Sulyok,M"]
[Black "Sandhu,M"]
[Result "0-1"]
[WhiteElo "2207"]
[BlackElo "2291"]

1.c4 c6 2.e4 d5 3.cxd5 cxd5 4.exd5 Nf6 5.Nc3 Nxd5 6.Nf3 Nxc3 7.bxc3 g6 8.d4 Bg7
9.Bd3 O-O 10.O-O Nc6 11.Re1 b6 12.Bf4 Bb7 13.Qe2 Rc8 14.Rac1 e6 15.h4 Qd5
16.Be4 Qh5 17.Qe3 h6 18.c4 Na5 19.Bxb7 Nxb7 20.Qe4 Qf5 21.Qe3 h5 22.Be5 Rfd8
23.Bxg7 Kxg7 24.Red1 Rc7 25.Rd2 Qf6 26.Ng5 Rcd7 27.Rcd1 Nd6 28.Qc3 Nf5 29.Ne4 Qxh4
30.d5+ e5 31.f4 Qxf4 32.Re1 Nd6 33.Nxd6 Rxd6 34.Rxe5 Rf6 35.Re3 Qf1+ 36.Kh2 Kh7
37.Re7 Rf4 38.Rd3 Rc8 39.Rf3 Rxf3 40.Qxf3 Qxf3 41.gxf3 Kg7 42.Rxa7 Rxc4 43.Rb7 Ra4
44.Rxb6 Rxa2+ 45.Kg3 Rd2 46.Rb5 Rd4 47.Kf2 Kf6 48.Ke3 Ra4 49.f4 h4 50.Kf3 Ra3+
51.Kg4 h3 52.Rb2 Rd3 53.Rf2 Rxd5 54.Kxh3 Kf5 55.Kg3 Rd3+ 56.Kh4 f6 57.Rf1 Re3
58.Rf2 Re1 59.Kg3 Rg1+ 60.Kf3 Rg4 61.Ke3 Rg3+ 62.Kd4 Rg1 63.Ke3 Kg4 64.Ke2 Ra1
65.Ke3 Re1+  0-1

[Event "ch-AUT"]
[Site "Gmunden AUT"]
[Date "2005.08.14"]
[Round "4"]
[White "Weiss,C"]
[Black "Volkmann,F"]
[Result "1/2-1/2"]
[WhiteElo "2429"]
[BlackElo "2429"]

1.c4 c6 2.e4 d5 3.exd5 Nf6 4.Nc3 cxd5 5.d4 Nc6 6.Nf3 Bg4 7.Be3 e6 8.c5 Rc8
9.Bb5 Be7 10.h3 Bxf3 11.Qxf3 O-O 12.O-O a6 13.Bxc6 bxc6 14.b4 Nd7 15.Qe2 a5
16.a3 e5 17.f4 exd4 18.Bxd4 Bf6 19.Qd2 Rb8 20.b5 cxb5 21.Nxd5 Bxd4+ 22.Qxd4 Nf6
23.Nxf6+ Qxf6 24.Qxf6 gxf6 25.Rfc1 Rfc8 26.Kf2 Kf8 27.Ra2 b4 28.axb4 axb4
29.Ke3 Rb5 30.Kd4 b3 31.Rb2 Rd8+ 32.Ke4 Rb4+ 33.Ke3 f5 34.Rc3 Re8+ 35.Kf3 Rc8
36.c6 Kg7 37.Kg3 Rc7 38.Rcxb3 Rxb3+ 39.Rxb3 Rxc6 40.Rb5 Kg6 41.Kh4 Rc4 42.Rb6+ f6
43.g3 Ra4 44.Rb3 Rc4 45.Rf3 Ra4 46.g4 fxg4 47.f5+ Kh6 48.hxg4 Ra1 49.Rh3 Rb1
50.Kg3+ Kg7 51.Rh2 Rg1+ 52.Kf3 Rf1+ 53.Kg2 Ra1 54.Kg3  1/2-1/2

[Event "79th Anniv CAP"]
[Site "Posadas ARG"]
[Date "2005.08.14"]
[Round "5"]
[White "Chang,S"]
[Black "Jimenez,Joa"]
[Result "1/2-1/2"]
[WhiteElo "2071"]
[BlackElo "2211"]

1.c4 c6 2.d4 d5 3.cxd5 cxd5 4.Nc3 Nf6 5.Bg5 Nc6 6.e3 a6 7.Bd3 e6 8.Nf3 Bd6
9.O-O h6 10.Bh4 Be7 11.Rc1 Bd7 12.Bb1 Qa5 13.Nd2 b5 14.Nb3 Qb6 15.Ne2 Na5
16.Nc5 Rc8 17.Bxf6 Bxf6 18.Nf4 Bc6 19.Nh5 Ke7 20.Qf3 Nc4 21.Rc2 b4 22.Nxf6 gxf6
23.Re1 a5 24.b3 Nd6 25.Rcc1 Rc7 26.Qh5 Rcc8 27.f4 Rcg8 28.Qh4 h5 29.h3 Rg7
30.Re2 Bb5 31.Rf2 Rhg8 32.Kh2 Qb8 33.Kh1 Rh8 34.Rfc2 Nf5 35.Qe1 Ng3+ 36.Kh2 Rhg8
37.Na4 f5 38.Nc5 Nf1+ 39.Kh1 Rg3 40.Nb7 Nxe3 41.Rc7+ Kf6 42.Nd6 Bf1 43.Rxf7+ Kg6
44.Qxg3+ Kh6 45.Rf6+ Kh7 46.Qh4 Bxg2+ 47.Kh2 Bf3 48.Rf7+ Kh6 49.Rf6+  1/2-1/2

[Event "ch-AUT Qualifier"]
[Site "Gmunden AUT"]
[Date "2005.08.16"]
[Round "4"]
[White "Wukits,R"]
[Black "Schwab,R"]
[Result "1-0"]
[WhiteElo "2310"]
[BlackElo "2273"]

1.c4 c6 2.Nc3 d5 3.d4 e6 4.Nf3 Nd7 5.Bg5 Be7 6.Bxe7 Nxe7 7.e3 O-O 8.Qc2 b6
9.Bd3 h6 10.h4 Re8 11.cxd5 exd5 12.g4 Nf8 13.g5 h5 14.Ne5 Qd6 15.O-O-O a5
16.f4 g6 17.e4 Qb4 18.Qf2 dxe4 19.a3 e3 20.Qxe3 Qd6 21.Ne4 Qd8 22.Nf6+ Kg7
23.Nc4 Ne6 24.Qe5 Rg8 25.Nd6 Kf8 26.Nh7+  1-0

[Event "Ada Open"]
[Site "Belgrade SCG"]
[Date "2005.08.17"]
[Round "3"]
[White "Djurdjevic,P"]
[Black "Damjanovic,D"]
[Result "0-1"]
[WhiteElo "2030"]
[BlackElo "2278"]

1.c4 c6 2.d4 d5 3.e3 Nf6 4.Nc3 a6 5.Bd3 b5 6.b3 e6 7.Nf3 Nbd7 8.O-O Bd6 9.Bb2 O-O
10.Qc2 Bb7 11.c5 Bc7 12.Ne2 a5 13.Ng3 Ba6 14.Ne5 Nxe5 15.dxe5 Ng4 16.h3 Nxe5
17.Bxh7+ Kh8 18.f4 Qh4 19.fxe5 Qxh7 20.Qxh7+ Kxh7 21.Rf4 f5 22.h4 Bd8 23.Kf2 g5
24.hxg5 Bxg5 25.Rh1+ Kg6 26.Rd4 f4 27.Ne2 fxe3+ 28.Ke1 Rf2 29.g3 b4 30.Nf4+ Bxf4
31.Rxf4 Rxb2 32.Rg4+ Kf5 33.Rf4+ Kg5 34.Rd4 Rb1+ 35.Rd1 Rxd1+ 36.Kxd1  0-1

[Event "Masters"]
[Site "Abu Dhabi UAE"]
[Date "2005.08.19"]
[Round "5"]
[White "Djuric,S"]
[Black "Coleman,J"]
[Result "1-0"]
[WhiteElo "2463"]
[BlackElo "2206"]

1.c4 c6 2.e4 d5 3.exd5 cxd5 4.cxd5 Nf6 5.Nc3 Nxd5 6.Nf3 Nc6 7.d4 Bg4 8.Bb5 Bxf3
9.Qxf3 e6 10.O-O Be7 11.Nxd5 Qxd5 12.Qxd5 exd5 13.Re1 Kd7 14.Bf4 Bf6 15.Rad1 Rhe8
16.Be5 a6 17.Bxc6+ bxc6 18.Bxf6 gxf6 19.Kf1 Rxe1+ 20.Kxe1 Rg8 21.g3 Rb8 22.Rd2 Kd6
23.Ke2 Re8+ 24.Kd1 c5 25.dxc5+ Kxc5 26.Rc2+ Kd6 27.Rc3 Re6 28.Kd2 h5 29.Ra3 Ke5
30.Ra4 Rb6 31.b3 f5 32.Kd3 Rf6 33.f4+  1-0

[Event "Ada Open"]
[Site "Belgrade SCG"]
[Date "2005.08.19"]
[Round "5"]
[White "Brkic,D SCG"]
[Black "Kanjuh,V"]
[Result "1-0"]
[WhiteElo "2276"]
[BlackElo "2073"]

1.c4 c6 2.g3 d5 3.Bg2 Nf6 4.b3 e6 5.Bb2 Nbd7 6.Nf3 Bd6 7.O-O O-O 8.d3 Qe7
9.a3 b6 10.Nbd2 Bb7 11.Qc2 c5 12.cxd5 exd5 13.Nh4 Be5 14.Nf5 Qe6 15.d4 Bc7
16.Rae1 g6 17.Nh4 Ba6 18.Qc1 Rac8 19.Ndf3 Rfe8 20.Ng5 Qe7 21.Qd2 Nf8 22.Ngf3 Ne4
23.Qh6 Qf6 24.Bh3 Ne6 25.Rb1 c4 26.bxc4 Bxc4 27.Nd2 Nd6 28.Rfe1 b5 29.e4 Qg7
30.Qxg7+ Kxg7 31.exd5 Bxd5 32.Re5 Ba2 33.Rbe1 Kf8 34.d5 Nc4 35.Nxc4 Bxc4
36.dxe6 Bxe5 37.e7+ Kg8 38.Bxc8  1-0

[Event "2nd Open Fincas Mediterranea"]
[Site "Castelldefels ESP"]
[Date "2005.08.20"]
[Round "4"]
[White "Hamdouchi,H"]
[Black "Purnama,T"]
[Result "1-0"]
[WhiteElo "2567"]
[BlackElo "2337"]

1.c4 c6 2.e4 d5 3.cxd5 cxd5 4.exd5 Nf6 5.Nc3 Nxd5 6.Nf3 Nc6 7.Bb5 e6 8.O-O Be7
9.d4 O-O 10.Re1 Ncb4 11.Ne5 Nc7 12.Ba4 Bf6 13.Qg4 b5 14.Bb3 Bb7 15.Ne4 Bd5
16.Nxf6+ Qxf6 17.Bg5 Qf5 18.Qxf5 exf5 19.Be7 a5 20.Bxf8 Rxf8 21.Bxd5 Ncxd5
22.Red1 Nf4 23.g3 Nfd5 24.a3 Na6 25.Rac1 Re8 26.Re1 Nac7 27.Nc6 Re4 28.Ne7+  1-0

[Event "ch-AUT Qualifier"]
[Site "Gmunden AUT"]
[Date "2005.08.21"]
[Round "9"]
[White "Lenz,A"]
[Black "Niederwieser,P"]
[Result "1/2-1/2"]
[WhiteElo "2190"]
[BlackElo "2181"]

1.c4 c6 2.e4 d5 3.exd5 cxd5 4.cxd5 Nf6 5.Nc3 Nxd5 6.d4 Nc6 7.Nf3 e6 8.Bd3 Be7
9.O-O O-O 10.a3 b6 11.Re1 Bb7 12.Bc2 Nxc3 13.bxc3 Bf6 14.Qd3 g6 15.Bh6 Re8
16.Rad1  1/2-1/2

[Event "2nd Open Fincas Mediterranea"]
[Site "Castelldefels ESP"]
[Date "2005.08.22"]
[Round "6"]
[White "Marin,M"]
[Black "Peralta,Fe"]
[Result "1/2-1/2"]
[WhiteElo "2537"]
[BlackElo "2553"]

1.c4 c6 2.Nf3 d5 3.cxd5 cxd5 4.d4 Nc6 5.Nc3 Nf6 6.Bf4 Bf5 7.e3 e6 8.Qb3 Bb4
9.Bb5 O-O 10.O-O Qe7 11.Bxc6 bxc6 12.a3 Bd6 13.Bxd6 Qxd6 14.Rfc1 Rfb8 15.Qa2 Nd7
16.Na4 Bg4 17.Nd2 e5 18.b3 exd4 19.exd4 Re8 20.Nf1 Qf6 21.Ng3 Qxd4 22.h3 Be6
23.Rxc6 Rac8 24.Ne2 Qe5 25.Rxc8 Rxc8 26.Rd1 Nf6 27.Qd2 h6 28.Nd4 Bd7 29.Nf3 Qd6
30.Qb4 Qxb4 31.axb4 Bxa4 32.bxa4 Rc4 33.Rd4 Rc1+ 34.Kh2 Kf8 35.Ne5 Ke7 36.Kg3 Ke6
37.Nd3 Rc4 38.Nc5+ Ke5 39.Rd1 a5 40.Re1+ Kf5 41.Nd3 Ne4+ 42.Kf3 axb4 43.g4+ Kf6
44.Ke3 b3 45.Rb1 Rxa4 46.Rxb3 Nd6 47.Kf3 Nc4 48.Rb7 Ra3 49.Ke2 Ra2+ 50.Kf3 Rd2
51.Nf4 g6 52.Rc7 Ne5+ 53.Ke3 Rd1 54.Rc5 Re1+ 55.Kd2 Nf3+ 56.Kd3 d4 57.Nd5+ Kg7
58.Nf4 Ra1 59.Rc7 Ra3+ 60.Ke4 Ng5+ 61.Kxd4 Nxh3 62.Nxh3 Rxh3 63.Ke4 Ra3 64.Rc6 Ra4+
65.Kf3 g5 66.Kg3 Rf4 67.f3 Rf6 68.Rc5 Ra6 69.Rb5 Kg6 70.Rc5 h5 71.gxh5+ Kxh5
72.f4 Ra3+ 73.Kg2 f6 74.Rc7  1/2-1/2

[Event "39th Open"]
[Site "Mislata ESP"]
[Date "2005.08.22"]
[Round "5"]
[White "Pavia Miralles,J"]
[Black "Capella Gimenez,J"]
[Result "1-0"]
[WhiteElo "2268"]
[BlackElo "2111"]

1.c4 c6 2.e4 d5 3.exd5 cxd5 4.cxd5 Qxd5 5.Nc3 Qd8 6.Nf3 Nf6 7.d4 e6 8.Bd3 Be7
9.O-O O-O 10.Re1 Nc6 11.a3 a6 12.Bc2 Re8 13.Qd3 g6 14.Bh6 b5 15.Bb3 Qd6 16.Rad1 Bb7
17.d5 Na5 18.dxe6 Nxb3 19.Qc2 Nd5 20.exf7+ Kxf7 21.Qxb3 Rad8 22.Re5  1-0

[Event "2nd Dato' Arthur Tan Malaysian Open"]
[Site "Kuala Lumpur MAS"]
[Date "2005.08.23"]
[Round "6"]
[White "Wu Shaobin"]
[Black "Abdulla,AlR"]
[Result "1-0"]
[WhiteElo "2510"]
[BlackElo "2462"]

1.c4 c6 2.e4 e5 3.Nf3 d6 4.d4 Nd7 5.Nc3 Ngf6 6.Be2 Be7 7.O-O Qc7 8.Rb1 Nf8
9.b4 Ng6 10.Re1 O-O 11.h3 Rd8 12.Bf1 h6 13.d5 cxd5 14.Nb5 Qb8 15.cxd5 Bd7
16.a4 Rc8 17.g3 Bd8 18.Nd2 a6 19.Na3 b5 20.axb5 axb5 21.Rb3 Bb6 22.Ndb1 h5
23.Nc3 h4 24.Kg2 hxg3 25.fxg3 Bd4 26.Bd2 Bxc3 27.Bxc3 Rc7 28.Bd2 Qc8 29.Kh2 Rb8
30.Qf3 Qa6 31.Bd3 Qa4 32.Reb1 Ne8 33.Nc2 Qa6 34.Ne3 Qc8 35.Qf1 Nf6 36.Ra3 Nh7
37.Rba1 Ne7 38.g4 Nf6 39.Qf3 Ng6 40.Ng2 Be8 41.g5 Nd7 42.h4 Nb6 43.h5 Nf8
44.Ra7 Nc4 45.Rxc7 Qxc7 46.Bc1 Nh7 47.Nh4 Qd8 48.Qg2 g6 49.h6 Ra8 50.Rxa8 Qxa8
51.Qc2 Qc8 52.Kg3 f6 53.Nf3 Bd7 54.Qa2 Nb6 55.Be3 Nc4 56.Bxc4 bxc4 57.Qa7 f5
58.Bc1  1-0

[Event "2nd Dato' Arthur Tan Malaysian Open"]
[Site "Kuala Lumpur MAS"]
[Date "2005.08.23"]
[Round "7"]
[White "Juswanto,D"]
[Black "Tirto"]
[Result "1/2-1/2"]
[WhiteElo "2509"]
[BlackElo "2370"]

1.c4 c6 2.Nf3 d5 3.b3 Bg4 4.Bb2 Nd7 5.e3 e6 6.Be2 Ngf6 7.O-O h6 8.d4 Be7
9.Nbd2 O-O 10.Ne5 Bxe2 11.Qxe2 Nxe5 12.dxe5 Nd7 13.Rfd1 Qc7 14.Nf3 Bd8 15.cxd5 cxd5
16.Rdc1 Qa5 17.Bc3 Qb6 18.Bd4 Qa5  1/2-1/2

[Event "2nd Dato' Arthur Tan Malaysian Open"]
[Site "Kuala Lumpur MAS"]
[Date "2005.08.24"]
[Round "9"]
[White "Wynn Zaw Htun"]
[Black "Tirto"]
[Result "1-0"]
[WhiteElo "2578"]
[BlackElo "2370"]

1.c4 c6 2.Nf3 d5 3.b3 Bg4 4.e3 Nd7 5.Bb2 Ngf6 6.Be2 e6 7.O-O h6 8.d4 Be7
9.Nbd2 O-O 10.Ne5 Bxe2 11.Qxe2 Nxe5 12.dxe5 Nd7 13.f4 a5 14.Kh1 Nc5 15.Rad1 Qb6
16.e4 dxe4 17.Bd4 a4 18.Nxe4 Qb4 19.Bxc5 Bxc5 20.Qh5 axb3 21.axb3 Rfd8 22.Rxd8+ Rxd8
23.f5 exf5 24.Qxf5 Rf8 25.h3 b6 26.Kh2 Bd4 27.Nf6+ gxf6 28.Qg4+ Kh7 29.Qe4+ Kg7
30.Qg4+ Kh7 31.Qe4+ Kg7 32.Qxd4 fxe5 33.Qxe5+ f6 34.Kh1 Kf7 35.Qc7+ Kg6 36.Rf3 Qxc4
37.Qd7 f5 38.Rg3+ Kh5 39.Qe6  1-0

[Event "2nd Open Fincas Mediterranea"]
[Site "Castelldefels ESP"]
[Date "2005.08.25"]
[Round "9"]
[White "Marin,Ir"]
[Black "Iglesias,Jor"]
[Result "1/2-1/2"]
[WhiteElo "2224"]
[BlackElo "2355"]

1.c4 c6 2.Nf3 d5 3.cxd5 cxd5 4.d4 Nc6 5.Nc3 Nf6 6.Bf4 Bf5 7.e3 e6 8.Qb3 Bb4
9.Bb5 Bxc3+ 10.bxc3 O-O  1/2-1/2

[Event "41st Rubinstein Mem Open A"]
[Site "Polanica Zdroj POL"]
[Date "2005.08.25"]
[Round "7"]
[White "Golubka,P"]
[Black "Zawadzki,S"]
[Result "0-1"]
[WhiteElo "2272"]
[BlackElo "2396"]

1.c4 c6 2.d4 d5 3.Nc3 Nf6 4.Nf3 dxc4 5.a4 Bf5 6.e3 e6 7.Bxc4 Bb4 8.O-O Nbd7
9.Qe2 O-O 10.h3 Bg6 11.Nh4 a5 12.Nxg6 hxg6 13.Rd1 Qc7 14.e4 e5 15.d5 Bc5
16.Be3 Bxe3 17.Qxe3 Qb6 18.Qxb6 Nxb6 19.Be2 Rfd8 20.dxc6 bxc6 21.Rxd8+ Rxd8
22.Kf1 Rd4 23.Rc1 Rb4 24.Nd1 Nxa4 25.Rxc6 Nxe4 26.Bd3 Nac5 27.Rc8+ Kh7 28.Bc2 Nb3
29.Re8 f6 30.Ra8 Nec5 31.Bxb3 Nxb3 32.g3 Nd2+ 33.Ke1 Nc4 34.h4 Rb3 35.Kf1 Rb7
36.Ke1 Rb4 37.Kf1 Rb3 38.Ke1 f5 39.Kf1 f4 40.gxf4 exf4 41.Kg2 g5 42.hxg5 Kg6
43.Rc8 Nxb2 44.Nxb2 Rxb2 45.Rc5 a4 46.Rc4 a3 47.Rxf4 Kxg5 48.Ra4 a2 49.Kg3 Kf5
50.f4 Ke6 51.Kg4 Kd5 52.Kf5 Rg2 53.Ra8 Kc4 54.Ke6 Kb3 55.f5 Kb2 56.Kf7  0-1

[Event "V Open"]
[Site "Vila de Marin ESP"]
[Date "2005.08.25"]
[Round "5"]
[White "Perez Fungueiro,M"]
[Black "Quidiello,R"]
[Result "1-0"]
[WhiteElo "2300"]
[BlackElo "2149"]

1.c4 c6 2.g3 d5 3.Bg2 Nf6 4.Nf3 Bf5 5.cxd5 cxd5 6.Qb3 Qb6 7.Nc3 e6 8.d3 Nc6
9.O-O Be7 10.Be3 Qxb3 11.axb3 O-O 12.Nd4 Nxd4 13.Bxd4 a6 14.e4 dxe4 15.dxe4 Bg6
16.e5 Nd5 17.Bxd5 exd5 18.Nxd5 Bd8 19.f4 Be4 20.Nc3 Bc2 21.b4 Bb3 22.Ra3 Bc4
23.Rc1 Be7 24.Bc5 Bxc5+ 25.bxc5 Rad8 26.Ne4 Rd4 27.Nd6 Bd5 28.Nf5 Rd2 29.Ne7+ Kh8
30.Nxd5 Rxd5 31.Rb3 Rd7 32.Rb6 Ra8 33.Rd6 Rc7 34.Kf2 g6 35.Ke3 a5 36.Kd4 a4
37.Rc3 h5 38.Kc4 Kg7 39.Kb5 Rac8 40.Rd4 Kf8 41.Rxa4 Rd7 42.Rac4 Rc6 43.b4 Rd2
44.Rc2 Rd3 45.R4c3 Rd4 46.Ra3 h4 47.Ra7 Rc7 48.Rc4 Rxc4 49.Ra8+ Ke7 50.Kxc4 Ke6
51.Kb5 Rd7 52.Kb6 Rd4 53.b5  1-0

[Event "Nordic Championships"]
[Site "Vammala FIN"]
[Date "2005.08.27"]
[Round "4"]
[White "Lie,Es"]
[Black "Nyback,T"]
[Result "0-1"]
[WhiteElo "2300"]
[BlackElo "2571"]

1.c4 c6 2.g3 d5 3.Bg2 Nf6 4.Nf3 dxc4 5.Qc2 Qd5 6.Nc3 Qf5 7.e4 Qh5 8.Ne2 Bh3
9.Nf4 Bxg2 10.Nxh5 Nxh5 11.Ne5 Bxh1 12.Qxc4 e6 13.Qb3 b6 14.d3 Nf6 15.f4 Nbd7
16.Qa4 Bc5 17.Ke2 O-O 18.Be3 Bg2 19.Nxd7 Nxd7 20.Rg1 Bh3 21.g4 Nf6 22.Bxc5 bxc5
23.g5 Nh5 24.Ke3 g6 25.Qc4 Rab8 26.b3 Rb5 27.Qc3 Rd8 28.Rb1 e5 29.fxe5 Bc8
30.a4 Rb7 31.Qxc5 Rbd7 32.Rd1 Ng7 33.Qc4 Ne6 34.b4 Rd4 35.Qc3 Ba6 36.Qxc6 Bxd3
37.Qc3 Rxe4+ 38.Kf2 Rc4 39.Qb3 Rcd4  0-1

[Event "13th Open"]
[Site "Nikaia GRE"]
[Date "2005.08.30"]
[Round "9"]
[White "Delithanasis,D"]
[Black "Karayannis,A"]
[Result "0-1"]
[WhiteElo "2285"]
[BlackElo "2387"]

1.c4 c6 2.e3 Nf6 3.Nf3 d5 4.Nc3 e6 5.b3 Bd6 6.Bb2 O-O 7.d4 Nbd7 8.Bd3 Qe7
9.Qc2 dxc4 10.bxc4 e5 11.O-O-O Re8 12.c5 Bb8 13.Bc4 b5 14.Bb3 a5 15.Ng5 Rf8
16.a4 exd4 17.Rxd4 Nxc5 18.axb5 Bf5 19.e4 Be5 20.Rc4 cxb5 21.Nxb5 Bxb2+ 22.Kxb2 Nxb3
23.Kxb3 Bd7 24.Nc3 h6 25.e5 Qxe5 26.f4 Qb8+ 27.Ka2 hxg5 28.Rb1 Qd6  0-1